000 00781nam a22001817a 4500
005 20240201112516.0
010 _aHIN-126674
020 _a9789393279156
_c500.00
035 _aHN-99020
037 _bDBAD/PUB
082 _a
100 _aरणीराम गढ़वाली
_961510
245 _aमेरी चयनित कहानिया/
_cरणीराम गढ़वाली
260 _aदिल्ली
_bश्रीसाहित्य प्रकाशन
_c2022
270 _aडी -580 अशोक नगर गली न 4 निकट वजीराबाद रोड शाहदरा
_bदिल्ली
_e110093
300 _a232 पृ.;
_c22 सेमी.(सजिल्द)
942 _2ddc
_cHN
_h
_mरणीरा
999 _c200484
_d200484